Saint Seiya - Les Chevaliers du Zodiaque - Statistiques

Statistiques générales
  • Ce quiz a été pris 1 283 fois
  • Le résultat moyen est 23 sur 31
Statistiques - réponses
Hint Réponse % Correct
Seiya Pégase
99%
Shiryu Dragon
98%
Ban Petit Lion
97%
Aiolia Lion
95%
Aldebaran Taureau
95%
Shun Andromède
94%
Dohko Balance
94%
Bélier
94%
Masque de Mort Cancer
94%
Hyoga Cygne
94%
Aphrodite Poisson
94%
Saga Gémeaux
93%
Ikki Phénix
93%
Aiolos Sagittaire
93%
Milo Scorpion
93%
Shaka Vierge
93%
Shura Capricorne
92%
Camus Verseau
92%
Jabu Licorne
84%
Marine Aigle
70%
Nachi Loup
66%
Orphée Lyre
62%
Ichi Hydre
57%
Moses Baleine
43%
Misty Lézard
43%
Jamian Corbeau
42%
June Caméléon
39%
Shaina Serpentaire
39%
Geki Grande Ourse
38%
Algol Persée
38%
Asterion Chiens de chasse
24%
Aucun quiz correspondant
Distribution des résultats
% des personnes avec chaque résultat
Percentile par nombre de réponses
Votre historique - résultats
Vous n’avez pas pris ce quiz